LEADER 00869nam0-2200325---450- 001 990010095760403321 005 20160830112801.0 010 $a9780596529680 035 $a001009576 035 $aFED01001009576 035 $a(Aleph)001009576FED01 035 $a001009576 100 $a20160830d2008----km-y0itay50------ba 101 0 $aeng 102 $aUS 105 $aa-------001yy 200 1 $aBuilding embedded Linux systems$fKarim Yaghmour ...[et al.] 205 $a2nd ed. 210 $aBeijjng ; Cambridge$cO'Reilly$d©2008 215 $axx, 439 p.$cill.$d24 cm 610 0 $aSistemi informatici integrati 610 0 $aLinux 676 $a005.268 702 1$aYaghmour,$bKarim 801 0$aIT$bUNINA$gRICA$2UNIMARC 901 $aBK 912 $a990010095760403321 952 $a10 C 590$bBIBLIODIETI24/2016$fDINEL 959 $aDINEL 997 $aUNINA LEADER 01813nas 2200517-a 450 001 996211939003316 005 20240104213018.0 011 $a2102-5452 035 $a(DE-599)ZDB2480619-5 035 $a(OCoLC)316026484 035 $a(CKB)110978979777333 035 $a(CONSER)--2012236354 035 $a(EXLCZ)99110978979777333 100 $a19810721a19789999 -a- - 101 0 $afre 135 $aurcnu|||||||| 181 $ctxt$2rdacontent 182 $cc$2rdamedia 183 $acr$2rdacarrier 200 00$aHistoire de l'éducation 210 $aParis $cDépartement de la recherche historique, documentaire et comparée de l'I.N.R.P.$d1978- 300 $aRefereed/Peer-reviewed 300 $a"Rédaction: Service d'histoire de l'éducation." 311 $a0221-6280 531 $aHISTOIRE DE LEDUCATION 531 $aHISTOIRE DE L?ÉDUCATION 531 $aHIST EDUC 606 $aEducation$zFrance$xHistory$vPeriodicals 606 $aÉducation$zFrance$xHistoire$vPériodiques 606 $aEducation$2fast$3(OCoLC)fst00902499 607 $aFrancja$2dbn 607 $aFrance$2fast$1https://id.oclc.org/worldcat/entity/E39PBJd8gD4vdtqQMdQHvYqbBP 608 $aCzasopismo pedagogiczne.$2dbn 608 $aHistory.$2fast 608 $aPeriodicals.$2fast 608 $aPeriodicals.$2lcgft 615 0$aEducation$xHistory 615 6$aÉducation$xHistoire 615 7$aEducation. 676 $a370/.944 712 02$aInstitut national de recherche pédagogique (France).$bDépartement de la recherche historique, documentaire et comparée. 712 02$aInstitut national de recherche pédagogique (France).$bService d'histoire de l'éducation. 906 $aJOURNAL 912 $a996211939003316 996 $aHistoire de l'e?ducation$92127364 997 $aUNISA